000 00565nam a2200181Ia 4500
008 240729s9999 xx 000 0 und d
022 _a2325-9582
245 0 _aJournal of the International Association of Providers of AIDS Care
260 _aUnited States
260 _bSAGE Publishing
650 _a Diseases of the genitourinary system. Urology
650 _a Internal medicine
650 _a Specialties of internal medicine
650 _aMedicine
856 _uhttps://doaj.org/toc/3e4c39e14a3c4861a3285548ec52c17f
942 _2ddc
942 _cDOAJEJ
999 _c67792
_d67792
945 _a1
_bMadushi Gamage
_c1
_dMadushi Gamage